[Event "EIWCC 2018"]
[Site "Vysoke Tatry"]
[Date "2018.04.11"]
[Round "4"]
[White "Milliet, Sophie"]
[Black "Doluhanova, Evgeniya"]
[Result "1/2-1/2"]
[WhiteElo "2391"]
[BlackElo "2304"]
[Annotator "TA"]
[PlyCount "153"]
[EventDate "2018.??.??"]
[EventType "swiss"]
[EventCountry "SVK"]
[SourceTitle "playchess.com"]
[Source "ChessBase"]
[SourceQuality "1"]

{[%evp 22,153,23,17,20,0,29,25,76,76,91,77,92,91,85,88,74,73,81,73,79,33,37,37,37,40,40,15,16,15,13,7,10,8,11,5,16,0,12,23,21,0,7,4,9,0,0,0,0,0,0,0,0,0,0,0,0,0,0,0,0,0,0,0,0,0,33,33,33,14,14,14,53,33,53,45,53,52,54,31,31,31,60,60,60,60,60,60,60,60,89,89,89,89,89,89,89,89,89,89,89,89,89,89,89,89,89,89,89,89,89,89,89,89,106,106,106,106,106,106,106,106,106,106,106,106,106,106,106,106,106,106,106,106]} 1. e4 c5 2. Nf3 {[%cal Bg1f3,Bf3d4,Bd4b5,Bb5a3][%mdl 32]} Nc6 3. d4 cxd4 4. Nxd4 e5 5. Nb5 d6 6. N1c3 a6 7. Na3 Be7 8. Be3 {B32: Sicilian: Löwenthal and Kalashnikov Variations} Nf6 9. Nc4 b5 10. Nb6 Rb8 11. Nxc8 Qxc8 12. Be2 {LiveBook: 24 Games} O-O 13. O-O Rd8 14. a3 (14. a4 d5 15. Nxd5 Nxd5 16. exd5 Nb4 17. axb5 Nxd5 18. Qc1 axb5 19. Rd1 Nxe3 20. Qxe3 Qxc2 21. Qxe5 Bf6 22. Rxd8+ {½-½ (22) Kravtsiv,M (2653)-Fedorov,A (2598) Khanty-Mansiysk 2017}) 14... b4 (14... d5 $11 {remains equal.} 15. exd5 b4 16. axb4 Nxb4) 15. Nd5 $146 ({Predecessor:} 15. axb4 Nxb4 {0-1 (48) Gandhi,A (2156)-Tahay,A (2098) Bhubaneswar 2016}) 15... Nxd5 16. exd5 Nd4 17. Bxd4 exd4 18. axb4 ({But not} 18. Qxd4 $2 Bf6 $17) 18... Rxb4 19. Bxa6 Qc5 20. b3 Bf6 21. Bc4 d3 $1 22. Ra6 dxc2 23. Qxc2 Rb6 24. Rxb6 Qxb6 25. Re1 g6 26. g3 Kg7 27. Kg2 Ra8 28. h4 Qb4 29. Re2 (29. Re4 {feels hotter.} Qc3 30. Qxc3 Bxc3 31. h5 Ra2 32. Re2) 29... Qc3 30. Qxc3 Bxc3 $11 {[%mdl 4096] Endgame KRB-KRB} 31. Bb5 Ra1 32. Rc2 Bd4 33. Kf3 Rb1 34. Ke4 Bc5 35. Bc4 Rd1 36. Kf3 Rb1 37. Rd2 Rc1 38. Ke2 h6 39. Ra2 g5 40. hxg5 hxg5 41. Bd3 Rc3 42. Rb2 Ba3 43. Rb1 {Strongly threatening b4.} Rc1 (43... Bb4 {is more complex.} 44. Bc4 Kf6 45. Rb2 g4 46. Kf1 Kg5) 44. Rxc1 Bxc1 $14 {KB-KB} 45. Be4 Kf6 46. Kd3 Ke7 47. Bf5 Kd8 48. Bh3 Bb2 49. b4 Kc7 50. Ke4 Bc3 51. Kf5 Bxb4 52. Kxg5 Kd8 53. Kf6 Ke8 54. g4 {[%cal Bg3g4,Bg4g5][%mdl 32]} Bc3+ 55. Kf5 Kf8 56. g5 {White is better.} Kg7 57. f4 Bd2 58. Bf1 Bc1 59. Ba6 Bd2 60. Bc8 Bc1 61. Bd7 Bd2 62. Be8 Kf8 63. Bb5 Kg7 64. Be2 Bc1 65. Bh5 Bd2 66. Kg4 Bc1 67. f5 f6 68. g6 $1 Bb2 {[#]} 69. Kf3 $1 Bc3 70. Ke4 Bb2 71. Kd3 Be5 72. Kc4 Bf4 73. Kb5 Be5 {[#]} 74. Kc6 $1 Bf4 75. Kd7 Be5 76. Ke7 Bf4 77. Ke6 {Precision: White = 71%, Black = 64%.} 1/2-1/2

[Event "EIWCC 2018"]
[Site "Vysoke Tatry"]
[Date "2018.04.11"]
[Round "4"]
[White "Voit, Daria"]
[Black "Kantane, Anna"]
[Result "1-0"]
[WhiteElo "2388"]
[BlackElo "2266"]
[Annotator "TA"]
[PlyCount "41"]
[EventDate "2018.??.??"]
[EventType "swiss"]
[EventCountry "SVK"]
[SourceTitle "playchess.com"]
[Source "ChessBase"]
[SourceQuality "1"]

{[%evp 11,41,-2,41,38,34,31,43,18,78,54,76,33,474,440,634,625,627,629,593,546,629,621,634,636,638,639,612,621,933,922,1431,1360]} 1. d4 Nf6 2. Bg5 d5 3. Nc3 c6 4. f3 {[%cal Bf2f3,Bf3e4][%mdl 32]} Bf5 5. Qd2 Nbd7 6. O-O-O Qa5 {[#] LiveBook: 3 Games} 7. e4 $1 {[%mdl 512] D01: Veresov Opening} dxe4 8. fxe4 Bg4 9. Be2 {White is slightly better.} O-O-O $146 (9... b5 $11) ({Find the theoretical novelty and annotate with similar games:} 9... Bxe2 10. Ngxe2 O-O-O 11. Rhf1 e6 12. Kb1 Bb4 13. Qc1 h6 14. Bxf6 gxf6 {0-1 (38) Demeny,M (2300)-Bach,A (2345) Odorheiu Secuiesc 1993}) 10. Bxg4 Nxg4 11. Nf3 Nde5 $2 {[%mdl 8192] [#]} ({Black should try} 11... f6 $14) 12. Qf4 $18 {White is clearly winning.} ({Weaker is} 12. Nxe5 Nxe5 13. Qe2 Ng6 $16) 12... Nf2 (12... Nc4 $142 13. Qxg4+ e6) 13. Nxe5 Nxd1 14. Rxd1 f6 15. Nf7 fxg5 16. Qg4+ Kb8 17. Nxh8 e5 18. dxe5 Rxd1+ 19. Qxd1 Bb4 20. Nf7 Bxc3 21. bxc3 1-0

[Event "EIWCC 2018"]
[Site "Vysoke Tatry"]
[Date "2018.04.11"]
[Round "4"]
[White "Badelka, Olga"]
[Black "Sargsyan, Anna M."]
[Result "1-0"]
[WhiteElo "2375"]
[BlackElo "2276"]
[Annotator "ChessBase"]
[PlyCount "86"]
[EventDate "2018.??.??"]
[EventType "swiss"]
[EventCountry "SVK"]
[SourceTitle "playchess.com"]
[Source "ChessBase"]
[SourceQuality "1"]
[TimeControl "40/5400+30:1800+30"]

1. d4 {[%emt 0:00:00]} d5 {[%emt 0:00:08]} 2. c4 {[%emt 0:00:00]} c6 {[%emt 0:00:07]} 3. Nf3 {[%emt 0:00:00]} Nf6 {[%emt 0:00:05]} 4. Nc3 {[%emt 0:00:00]} dxc4 {[%emt 0:00:09]} 5. a4 {[%emt 0:00:00]} Bf5 {[%emt 0:00:08]} 6. e3 {[%emt 0:00:00]} e6 {[%emt 0:00:10]} 7. Bxc4 {[%emt 0:00:05]} Bb4 {[%emt 0:00:05]} 8. O-O {[%emt 0:00:08]} Nbd7 {[%emt 0:00:02]} 9. Qe2 {[%emt 0:06:22]} O-O {[%emt 0:00:07]} 10. e4 {[%emt 0:00:31]} Bg6 {[%emt 0:00:05]} 11. e5 {[%emt 0:00:53]} Nd5 {[%emt 0:00:07]} 12. Nxd5 {[%emt 0:00:42]} cxd5 {[%emt 0:00:06]} 13. Bd3 {[%emt 0:00:04]} Bxd3 {[%emt 0:03:10]} 14. Qxd3 {[%emt 0:00:04]} Be7 {[%emt 0:00:24]} 15. Bd2 {[%emt 0:05:41]} a5 {[%emt 0:04:49]} 16. Qb5 {[%emt 0:05:16]} Ra7 {[%emt 0:00:24]} 17. Rac1 {[%emt 0:11:45]} Nb8 {[%emt 0:00:54]} 18. g3 {[%emt 0:00:54]} Nc6 {[%emt 0:00:51]} 19. h4 {[%emt 0:02:51]} f6 {[%emt 0:12:46]} 20. exf6 {[%emt 0:01:40]} Bxf6 {[%emt 0:01:58]} 21. Qd3 {[%emt 0:05:43]} Qb6 {[%emt 0:01:30]} 22. Bc3 {[%emt 0:01:44]} Raa8 {[%emt 0:00:59]} 23. Rfe1 {[%emt 0:10:01]} Rae8 {[%emt 0:01:51]} 24. Re3 {[%emt 0:05:54]} Qc7 {[%emt 0:02:27]} 25. Rce1 {[%emt 0:00:56]} Qd7 {[%emt 0:13:47]} 26. Qe2 {[%emt 0:08:30]} Kf7 {[%emt 0:04:41]} 27. b3 {[%emt 0:08:10]} Re7 {[%emt 0:04:30]} 28. Bb2 {[%emt 0:00:48]} Rc8 {[%emt 0:00:37]} 29. Ba3 {[%emt 0:00:59]} Ree8 {[%emt 0:02:13]} 30. Qd2 {[%emt 0:01:25]} Kg8 {[%emt 0:04:06]} 31. Kg2 {[%emt 0:01:59]} g6 {[%emt 0:01:22]} 32. Rd3 {[%emt 0:03:53]} Qg7 {[%emt 0:02:06]} 33. Bd6 {[%emt 0:04:41]} b6 {[%emt 0:05:31]} 34. Rh1 {[%emt 0:05:08]} Red8 {[%emt 0:05:59]} 35. Bf4 {[%emt 0:02:44]} e5 {[%emt 0:01:42]} 36. dxe5 {[%emt 0:00:19]} Nxe5 {[%emt 0:03:10]} 37. Bxe5 {[%emt 0:00:12]} Bxe5 {[%emt 0:00:07]} 38. Rxd5 {[%emt 0:00:38]} Bf6 {[%emt 0:00:05]} 39. Rc1 {[%emt 0:06:42]} Qf7 {[%emt 0:00:47]} 40. Rxc8 {[%emt 0:00:00]} Rxc8 {[%emt 0:00:00]} 41. Rd7 {[%emt 0:02:43]} Bc3 {[%emt 0:06:42]} 42. Qd6 {[%emt 0:10:29]} Qf6 {[%emt 0:02:21]} 43. Qd5+ {[%emt 0:00:45]} Kh8 {[%emt 0:00:19]} 1-0

[Event "EIWCC 2018"]
[Site "Vysoke Tatry"]
[Date "2018.04.11"]
[Round "4"]
[White "Ovod, Evgenija"]
[Black "Zhukova, Natalia"]
[Result "1-0"]
[WhiteElo "2366"]
[BlackElo "2426"]
[Annotator "TA"]
[PlyCount "71"]
[EventDate "2018.??.??"]
[EventType "swiss"]
[EventCountry "SVK"]
[SourceTitle "playchess.com"]
[Source "ChessBase"]
[SourceQuality "1"]

{[%evp 17,71,18,37,31,34,39,18,33,31,24,31,33,52,56,67,70,75,83,99,60,77,29,29,30,29,29,35,28,35,0,0,0,0,0,0,0,106,131,106,102,145,158,271,266,330,327,358,347,354,338,335,310,726,735,730,726]} 1. e4 e6 2. d4 d5 3. Nd2 c5 4. Ngf3 Nc6 5. exd5 exd5 6. Bb5 Qe7+ 7. Be2 Qc7 {C09: French Tarrasch: 3...c5 4 exd5 exd5 5 Ngf3 Nc6} 8. O-O Nf6 9. Re1 (9. Bb5 cxd4 10. Re1+ Be7 11. Qe2 a6 12. Bxc6+ bxc6 13. Nxd4 Ra7 14. Qe5 c5 15. Nf5 Qxe5 16. Rxe5 Bxf5 17. Rxf5 {½-½ (41) Mamedov,R (2678)-Harikrishna,P (2733) Antalya 2017}) 9... Be6 {LiveBook: 15 Games. The position is equal.} 10. Bd3 O-O-O 11. dxc5 Bxc5 12. Nb3 Bb6 13. Be3 Bxe3 $146 ({Predecessor:} 13... Rhe8 14. h3 d4 15. Bg5 {1-0 (47) Gavrilescu,D (2437)-Muha,M (2303) Zadar 2017}) 14. Rxe3 Rhe8 15. h3 Qf4 16. Bb5 Bf5 17. Rxe8 Rxe8 18. Bxc6 bxc6 {[%cal Bb7c6,Bc6c5][%mdl 32]} 19. Nfd4 Ne4 20. Qf1 {[#] Threatens to win with Qa6+.} Bd7 $1 21. Qa6+ Kd8 22. Rf1 $36 {[%mdl 2048] Black is under pressure.} Qc7 23. Na5 c5 $1 {[%cal Rc5d4]} 24. Ndc6+ Bxc6 $1 25. Nxc6+ Kd7 26. Nxa7 {[#] Nb5 is the strong threat.} Re6 (26... Ra8 $1 $11 27. Qa4+ Ke6) 27. Qa4+ $16 Ke7 28. Nb5 Qd7 29. Qa5 Rg6 (29... d4 $16 {might work better.} 30. a4 Qd8 31. Qxd8+ Kxd8) 30. Nc3 $18 Qd6 31. Qa7+ Ke6 32. Re1 f5 33. Qb7 h5 34. Re2 Qe5 $2 (34... Qd7 35. Qa8 (35. Nxe4 dxe4 36. Qxd7+ Kxd7 $16) 35... Kf7 36. Nxd5 Re6) 35. f3 Qd4+ 36. Kh1 {Precision: White = 75%, Black = 49%.} 1-0

[Event "EIWCC 2018"]
[Site "Vysoke Tatry"]
[Date "2018.04.11"]
[Round "4"]
[White "Savina, Anastasia"]
[Black "Batsiashvili, Nino"]
[Result "1-0"]
[WhiteElo "2358"]
[BlackElo "2521"]
[Annotator "TA"]
[PlyCount "123"]
[EventDate "2018.??.??"]
[EventType "swiss"]
[EventCountry "SVK"]
[SourceTitle "playchess.com"]
[Source "ChessBase"]
[SourceQuality "1"]

{[%evp 9,123,55,65,62,94,75,76,57,60,56,65,52,48,52,77,69,65,85,77,74,130,78,154,160,162,169,293,293,257,238,293,295,295,295,267,272,256,257,295,236,295,170,237,226,230,232,473,383,337,316,333,269,330,346,372,362,364,357,437,346,382,336,412,400,402,211,331,0,382,325,741,756,709,733,639,615,611,594,547,450,604,585,679,679,653,668,666,625,625,673,652,606,777,808,791,784,762,755,1041,1022,1035,1022,1458,1428,1539,1523,1604,1596,5726,5726,12839,12470,29980,29981,29966,5726]} 1. d4 Nf6 2. c4 b6 3. f3 c5 (3... Nc6 4. Nc3 e5 5. d5 Ne7 6. e4 Ng6 7. Be3 Bc5 8. Qd2 d6 9. O-O-O Bd7 10. Kb1 Bxe3 11. Qxe3 {1-0 (40) Rodshtein,M (2699)-Stupak,K (2588) Katowice 2017}) 4. d5 e6 5. e4 exd5 $146 ({Find the theoretical novelty and annotate with similar games:} 5... d6 6. Nc3 Be7 7. Bd3 Nbd7 8. Nge2 Ne5 9. O-O O-O 10. Bf4 Nxd3 11. Qxd3 Nh5 {0-1 (32) Chepurnoy,Y (1547)-Bondarev,B (1955) Krasnodar 2014}) 6. cxd5 {A50: Queen's Fianchetto Defence (1 d4 Nf6 2 c4 b6)} Bd6 7. Nc3 O-O 8. Nh3 {White is better.} Re8 9. Nf2 Ba6 10. Bxa6 Nxa6 11. Nb5 Be5 12. d6 Qc8 13. O-O Qc6 14. a4 Nh5 (14... Nb4 $142) 15. g3 (15. Ng4 $142) 15... g6 ({Black should play} 15... Nf6) 16. f4 $36 {[%mdl 2048] White is really pushing.} Bh8 17. Ra3 Rf8 (17... Nb4 $142 18. Nc7 Bd4) 18. g4 $18 Nf6 19. e5 Ne4 20. Nxe4 Qxe4 {[#]} 21. Nc3 $1 {[%cal Rc3e4]} Qd4+ 22. Qxd4 cxd4 {[#]} 23. Nd5 $1 {[%cal Rd5e7]} f6 24. Ne7+ ({Not} 24. exf6 Bxf6 25. f5 gxf5 $16) 24... Kg7 25. Rd1 (25. Rh3 $142) 25... fxe5 (25... Kf7 $142 26. Rh3 (26. Rxd4 fxe5 27. Rc4 Bf6 $16) 26... h5 27. gxh5 gxh5 28. Rxh5 Bg7 29. Rxd4 Nc5 30. exf6 Bxf6 31. Rh7+ Ke8) 26. fxe5 Kf7 27. Bh6 Rfe8 $2 (27... Ke6 28. Bxf8 Rxf8) 28. Rxd4 Ke6 29. Bf4 Rf8 30. Bg3 g5 31. b4 Rad8 32. Re3 Rb8 33. Kg2 b5 34. a5 Rbd8 35. Ree4 Rb8 36. Rd2 Rbd8 37. Rd5 (37. h4 $142) 37... Rb8 (37... Rc8 $142 38. Rxb5 Rc2+ 39. Kh3 Rb8 40. Rxb8 Nxb8) 38. Rd2 Rbd8 $1 39. Nf5 Rc8 $2 (39... Rxf5 40. gxf5+ Kxf5) 40. Nd4+ Kd5 41. Nf3+ Kc6 42. Nxg5 h6 43. Nf3 Kb7 44. Nh4 Rfe8 45. Nf5 Rc4 46. Rxc4 bxc4 47. Ne7 c3 48. Rc2 Nxb4 49. Rxc3 Ka6 50. Rb3 Nc2 {[#]} 51. e6 $1 Nd4 (51... dxe6 52. d7) 52. exd7 Rd8 53. Rd3 Rxd7 {[#]} 54. Rxd4 $1 Bxd4 {[%mdl 4096] Endgame KRB-KBN} 55. Nc6 Kb5 56. Nxd4+ Kxa5 57. Kf3 Kb6 58. Ke4 a5 59. Kd5 Rg7 60. Be5 Rxg4 61. d7 Rg8 62. Ne6 {Precision: White = 83%, Black = 27%.} (62. Nc6 $142 h5 63. d8=Q+ Rxd8+ 64. Nxd8 h4 65. Ne6 a4 66. Bd4+ Kb7 67. Bf6) 1-0

[Event "EIWCC 2018"]
[Site "Vysoke Tatry"]
[Date "2018.04.11"]
[Round "4"]
[White "Buksa, Nataliya"]
[Black "Ushenina, Anna"]
[Result "0-1"]
[WhiteElo "2357"]
[BlackElo "2422"]
[Annotator "TA"]
[PlyCount "220"]
[EventDate "2018.??.??"]
[EventType "swiss"]
[EventCountry "SVK"]
[SourceTitle "playchess.com"]
[Source "ChessBase"]
[SourceQuality "1"]

{[%evp 19,219,10,23,0,3,0,0,0,0,-6,-14,-9,-14,-17,0,-10,-4,-37,-38,-35,-37,-41,-41,-46,-16,-15,-16,-60,-61,-198,-192,-189,-184,-178,-184,-180,-167,-164,-168,-200,-162,-230,-212,-216,-159,-159,-157,-165,-60,-165,-143,-145,0,0,0,0,0,-165,-156,-245,-241,-241,-240,-239,-191,-239,-241,-250,-250,-249,-239,-228,-206,-199,-156,-265,-260,-274,-274,-274,-274,-267,-267,-260,-258,-250,-250,-252,-250,-245,-245,-245,-245,-239,-239,-205,-205,-245,-245,-239,-225,-193,-185,-5864,-5143,-2685,-2617,-2079,-1983,-1425,-1276,-9203,-9162,-29957,-29951,-29946,-29954,-6765,-5447,-29977,-29956,-29968,-4754,-29972,-29973,-29973,-29968,-29975,-29976,-29979,-29979,-29979,-29980,-29982,-29983,-29981,-29982,-29982,-29976,-29970,0,-29982,-29976,-29975,-29964,-29971,-29972,-29972,-29972,-29972,-29973,-29973,-29972,-29976,-29977,-29979,-29980,-29980,-29981,-29981,-29982,-29982,-29983,-29983,-29983,-29983,-29984,-29984,-29985,-29985,-29986,-29986,-29987,-29987,-29987,-29987,-29988,-29988,-29989,-29989,-29990,-29990,-29991,-29991,-29990,-29990,-29991,-29992,-29990,-29993,-29993,-29994,-29995,-29995,-29996,-29996,-29997,-29997,-29998,-29998,-29999,-29999]} 1. e4 e5 2. Nf3 Nc6 3. Bb5 a6 4. Ba4 b5 5. Bb3 g6 (5... Na5 6. Bxf7+ Kxf7 7. Nxe5+ Ke7 8. d4 d6 9. Nd3 Kf7 10. O-O Bb7 11. Nc3 Nf6 12. e5 dxe5 13. dxe5 Nd5 14. Ne4 {½-½ (61) Vachier Lagrave,M (2789)-Vallejo Pons,F (2707) Riadh 2017}) 6. c3 {C70: Ruy Lopez: 3...a6 4 Ba4, Norwegian and Delayed Schliemann} Bg7 7. d4 exd4 8. cxd4 Nge7 9. O-O O-O 10. Nc3 d6 {LiveBook: 163 Games} 11. h3 Na5 12. Bc2 c5 13. dxc5 dxc5 14. Qxd8 Rxd8 15. Be3 $146 Nec6 16. Bxc5 Be6 17. e5 Nc4 18. Be4 Rac8 19. Bxc6 Rxc6 20. Bd4 Nxb2 21. Nxb5 axb5 (21... Nd3 $5 {[%cal Ra6b5]} 22. Rfd1 axb5 23. Rxd3 Ra6 $15) 22. Bxb2 Rc2 $36 {[%mdl 2048] White is under pressure.} 23. Rfb1 Bf8 24. Nd4 {[#]} (24. Ne1 $15 Re2 25. Bc3) 24... Rxb2 $1 $19 {[%mdl 512]} 25. Rxb2 Rxd4 26. Rxb5 Ra4 27. Kh2 h5 {[%mdl 1024] Black has strong compensation.} 28. Rb8 Kg7 29. Rd1 Bc5 (29... Rxa2 30. Rdd8 $17) (29... Bxa2 30. Rdd8 $17) 30. Rdd8 (30. Rb2 $142) 30... Kh6 (30... Bxa2 31. g3 $15) ({But not} 30... Bxf2 $2 31. Rh8 $18) ({Not} 30... Rxa2 $2 31. f4 $18) 31. Ra8 Rxa8 ({Much less strong is} 31... Rxa2 32. Rxa2 Bxa2 33. f4 $17) 32. Rxa8 Bxf2 33. a4 h4 (33... Kg5 $19 34. a5 Kf5) 34. Ra5 ({White should try} 34. a5 $15) 34... Bc4 35. Kh1 Bb6 ({Better is} 35... Bd4 $17 {aiming for ...g5.} 36. Ra8 Kg5) 36. Ra8 $11 Kg5 {...Kf5 is the strong threat.} 37. a5 Bf2 38. a6 $2 (38. Rc8 $11 {and White stays safe.} Bd5 39. Rd8) 38... Kf4 39. a7 (39. e6 $17 Bxe6 40. Re8) 39... Be6 $19 40. Rh8 Bxa7 {Strongly threatening ...g5.} 41. Rxh4+ Kxe5 42. Ra4 Bd4 43. Kh2 Ke4 44. Ra3 Be5+ 45. Kg1 Bd5 46. Kf2 f6 47. Ra4+ (47. Re3+ $17 Kf4 48. Rd3) 47... Bd4+ 48. Kg3 Ke3 {White must now prevent ...Be5+.} 49. Kh2 Be4 50. Ra2 Bd3 51. Kg1 Bc3 52. Ra3 Bd2 53. Rb3 Ke2 54. Rb2 Ke1 55. Rb3 Be4 56. Ra3 Ke2 57. Ra2 f5 58. h4 f4 59. Rb2 Ke1 {And now ...Bc3 would win.} 60. Ra2 Be3+ 61. Kh2 $2 (61. Kh1) 61... Bf2 62. Ra1+ {[#]} Ke2 $1 63. Ra4 Bg3+ 64. Kg1 Bf5 65. h5 gxh5 {[%cal Bg6h5,Bh5h4][%mdl 32]} 66. Ra3 h4 67. Ra5 Be4 68. Re5 Ke3 69. Kf1 Kd4 70. Re8 {[#]} Bf5 (70... h3 $142 $1 71. gxh3 f3 72. Rd8+ Ke3 73. Re8 Bh4 74. Kg1 f2+ 75. Kf1 Kd4 76. Rf8 Bd3+ 77. Kg2 Ke3 78. Re8+ Kd2 79. Rf8 Ke1 80. Re8+ Be2 81. Rf8 Bb5 82. Rf3 Bc6 83. Kh2 Bd8 84. Kg3 Bc7+ 85. Kg4 Bxf3+ 86. Kxf3 f1=Q+ 87. Kg4 Qf6 88. Kh5 Kf2 89. h4 Bd8 90. Kg4 Qf3#) 71. Re7 h3 72. gxh3 Bxh3+ 73. Kg1 Bf5 74. Kf1 Be4 75. Rg7 Ke3 76. Kg1 Be1 77. Re7 Bb4 78. Re8 Kf3 79. Rc8 Ke3 80. Re8 Bc5 {Black mates.} 81. Kf1 Kf3 82. Rd8 Bf5 83. Rb8 Bh3+ 84. Ke1 Bf2+ 85. Kd2 Kg2 86. Rg8+ Bg3 87. Rf8 f3 88. Ke3 f2 89. Rf7 f1=Q 90. Rxf1 Kxf1 91. Kf3 Bf2 92. Kf4 Ke2 93. Ke4 Bg2+ 94. Kf4 Kd3 {[%cal Be2d3,Bd3d4,Bd4e4,Be4f4,Bf4f5,Bf5f6,Bf6f7][%mdl 32]} 95. Ke5 Bg3+ {[%cal Bf2g3,Bg3e5,Be5d4][%mdl 32]} 96. Kf5 Kd4 97. Kg4 Be5 98. Kf5 Bh3+ 99. Kg5 Ke4 100. Kg6 Be6 101. Kg5 Bd4 102. Kg6 Kf4 103. Kh5 Bg4+ 104. Kh6 Kf5 105. Kh7 Kf6 106. Kh6 Be3+ 107. Kh7 Kf7 108. Kh8 Bh5 109. Kh7 Bg6+ 110. Kh8 Bd4# {Precision: White = 42%, Black = 74%.} 0-1

[Event "EIWCC 2018"]
[Site "Vysoke Tatry"]
[Date "2018.04.11"]
[Round "4"]
[White "Balajayeva, Khanim"]
[Black "Chernyak, Viktoria"]
[Result "0-1"]
[WhiteElo "2348"]
[BlackElo "2196"]
[Annotator "NA"]
[PlyCount "102"]
[EventDate "2018.??.??"]
[EventType "swiss"]
[EventCountry "SVK"]
[SourceTitle "playchess.com"]
[Source "ChessBase"]
[SourceQuality "1"]
[TimeControl "40/5400+30:1800+30"]

1. e4 {[%emt 0:00:00]} e6 {[%emt 0:00:14]} 2. d4 {[%emt 0:00:00]} d5 {[%emt 0:00:17]} 3. Nc3 {[%emt 0:00:00]} Bb4 {[%emt 0:00:06]} 4. e5 {[%emt 0:00:00]} Ne7 {[%emt 0:00:04]} 5. a3 {[%emt 0:00:07]} Bxc3+ {[%emt 0:00:07]} 6. bxc3 {[%emt 0:00:03]} b6 {[%emt 0:00:59]} 7. Qg4 {[%emt 0:09:15]} Ng6 {[%emt 0:04:01]} 8. h4 {[%emt 0:02:02]} h5 {[%emt 0:00:20]} 9. Qg3 {[%emt 0:00:14]} Ba6 {[%emt 0:03:05]} 10. Bxa6 {[%emt 0:07:41]} Nxa6 {[%emt 0:00:02]} 11. Ne2 {[%emt 0:05:44] C16: French: 3 Nc3 Bb4 4 e5: Lines without ...c5} Qd7 {[%emt 0:03:58]} 12. Qd3 {[%emt 0:08:35] LiveBook: 3 Games} (12. a4 c5 13. O-O Rc8 14. Qd3 Nb8 15. Bg5 Nc6 16. Ng3 Nge7 17. Rfd1 cxd4 18. cxd4 Nf5 19. Nxf5 exf5 {1-0 (68) Hou,Y (2635)-Kramnik,V (2810) Medias 2016}) 12... Qa4 {[%emt 0:11:24]} 13. Bg5 {[%emt 0:06:46]} Nb8 {[%emt 0:03:37]} (13... c5 $11) 14. O-O {[%emt 0:01:27]} Nc6 {[%emt 0:01:17]} 15. Ng3 {[%emt 0:17:03]} Nge7 {[%emt 0:03:25]} 16. Qe2 $146 {[%emt 0:02:19]} ({Predecessor:} 16. Rfb1 Kd7 {0-1 (64) Vajic,G (2269)-Gavric,M (2403) Banja Vrucica 2013}) 16... g6 {[%emt 0:10:38]} 17. Rfd1 {[%emt 0:11:04]} O-O-O {[%emt 0:09:33]} 18. Nf1 {[%emt 0:00:09]} Rd7 {[%emt 0:04:28]} 19. Ne3 {[%emt 0:00:26]} Kb8 {[%emt 0:01:45]} 20. Re1 {[%emt 0:08:45]} Na5 {[%emt 0:02:20]} 21. f3 {[%emt 0:04:27]} Qc6 {[%emt 0:04:16]} 22. Qd3 {[%emt 0:01:54]} Nf5 {[%emt 0:04:54]} 23. Bf6 {[%emt 0:05:25]} Rg8 {[%emt 0:12:32]} 24. g4 {[%emt 0:00:51]} (24. Nd1 $11 {keeps the balance.}) 24... Ng7 {[%emt 0:01:45]} 25. Kf2 {[%emt 0:03:14]} Ne8 {[%emt 0:00:50]} 26. gxh5 {[%emt 0:01:11]} Nxf6 {[%emt 0:01:54]} 27. exf6 {[%emt 0:00:03]} gxh5 {[%emt 0:00:02]} 28. Rg1 {[%emt 0:01:21]} Rh8 {[%emt 0:00:56]} 29. Rg5 {[%emt 0:00:21]} Qd6 {[%emt 0:00:35]} 30. Ng2 {[%emt 0:03:35]} Nc4 {[%emt 0:00:35]} 31. a4 {[%emt 0:00:15]} Rh6 {[%emt 0:02:36]} 32. f4 {[%emt 0:00:38]} Rd8 {[%emt 0:00:57]} ({Don't take} 32... Rxf6 33. Rxh5 Rd8 34. Rg5 $17) 33. Qe2 {[%emt 0:00:57]} Rdh8 {[%emt 0:00:13]} 34. Rg1 {[%emt 0:00:24]} Kb7 {[%emt 0:00:57]} 35. Ke1 {[%emt 0:00:18]} Qa3 {[%emt 0:01:51]} 36. Qd3 {[%emt 0:00:14]} Rxf6 {[%emt 0:00:30]} 37. Ke2 {[%emt 0:00:18]} Qxa4 {[%emt 0:00:39]} 38. Rf1 {[%emt 0:00:22]} Nb2 {[%emt 0:01:02]} 39. Qd2 $19 {[%emt 0:00:11]} a5 {[%emt 0:01:19]} 40. Kf2 {[%emt 0:00:00]} Nc4 {[%emt 0:01:16]} 41. Qd3 {[%emt 0:02:35]} Nd6 {[%emt 0:00:44]} 42. Kg1 {[%emt 0:00:16]} Ne4 {[%emt 0:00:51]} 43. Rg7 {[%emt 0:00:06]} Qe8 {[%emt 0:00:25]} 44. c4 {[%emt 0:01:28]} Qf8 {[%emt 0:00:23]} 45. cxd5 {[%emt 0:00:33]} exd5 {[%emt 0:00:20]} 46. Qb3 {[%emt 0:00:18]} Rd6 {[%emt 0:00:40]} 47. Rg5 {[%emt 0:01:54]} Nxg5 {[%emt 0:00:08]} 48. fxg5 {[%emt 0:00:03]} Qg7 {[%emt 0:00:05]} 49. c3 {[%emt 0:00:04]} Qg6 {[%emt 0:01:51]} 50. Ne3 {[%emt 0:03:25]} Qe4 {[%emt 0:00:31]} 51. Nf5 {[%emt 0:00:02]} Rd7 {[%emt 0:01:11]} 0-1